Lupang Hinirang - Sudden Death - Statistics

General Stats
  • This quiz has been taken 60 times
  • The average score is 5 of 20
Answers on the Grid
Answers color-coded by a green-red scale on the quiz's grid according to % correct below.
ng
dahil
buhay
lupang
sayo
nang
awit
sa
ang
niya
magdidilim
watawat
mo'y
perlas
puso
dibdib
duyan
lupa
magiliw
manlulupig
pagbantaan
bangkay
siyang
o
at
diwang
kagitingan
apoy
batis
nagmula
bawang
bahay
kung
mahal
bagong
 
Answer Stats
Answer % Correct
perlas
47%
dibdib
42%
magiliw
42%
lupang
37%
manlulupig
37%
dahil
32%
puso
32%
sayo
32%
watawat
32%
buhay
26%
mo'y
26%
ang
21%
awit
21%
lupa
21%
magdidilim
21%
ng
21%
sa
16%
duyan
11%
nang
5%
niya
5%
No matching quizzes found
Score Distribution
Percent of People with Each Score
Percentile by Number Answered
Your Score History
You have not taken this quiz